000
00261nam a2200097Ia 4500
001
684240
005
20250826161453.0
008
250824s9999 xx 000 0 und d
245
0
_a
GÖNÜL YAKINLIKLARI (ANTİK YENİ)
_c
GOETHE
260
_b
ANTİK DÜNYA KLASİKLERİ
999
_c
684240
_d
684240